000 00417nam a2200169Ia 4500
008 170705s9999 xx 000 0 und d
020 _a9780590423045
245 _aI hate English! /
245 _cEllen Levine ; illustrated by Steve Bjorkman.
260 _aNew York :
260 _bScholastic,
260 _c1989
300 _aunpaged :
300 _bcolor illustration ;
300 _c21cm.
500 _a390
999 _c336829
_d336829